00418nam a22001577a 450000500170000001000130001702000260003003500220005603700280007808200060010610000190011224500400013126000450017127000220021630000220023820190226142335.0 aB-213826 a9780195676013c395.00 aB-213826,B-213822 bOxford University Press aN aBhyrappa, S.L. aSartha:bthe caravancS.L. Bhyrappa aNew DelhibOxford University Pressc2006 bNew Delhie110001 a292p.c22cm (hbk)